000 00404nam a2200169Ia 4500
008 230711s9999||||xx |||||||||||||| ||und||
041 _aENG
082 _a621.3191
_bWE-E
100 _aWeedy,BM
245 0 _aElectric power system
250 _a4th . Ed.
260 _c2004
_aNew Delhi
_bJohn Wiley & Sons.Inc
300 _a545
650 _aElectrical Engineering
700 _aCory,B.J
942 _cBK
999 _c4485
_d4485